00614 a2200205 4500260001000000630004100010650000600051260000900057245017700066300001100243650002500254650003200279650002100311260000900332300000900341100000700350110001900357037001400376020001800390 aParis aDroit, législation, administration aG bCNRS aJurisprudence du Conseil d'Etat et du Tribunal des Conflits : tables décennales 1965-1974. Tome 1 : de actes législatifs et administratifs à assurance et prévoyance a730 p. aSécurité Sociale aJuridictions administratifs aactes juridiques c1976 b22,5 lFr aConseil d'Etat aDe 000610 a2-222-01995-8